REVIEW OF PEDIARICS (Record no. 649)

MARC details
000 -LEADER
fixed length control field 00311nam a2200133Ia 4500
008 - FIXED-LENGTH DATA ELEMENTS--GENERAL INFORMATION
fixed length control field 150201s2006 xx 000 0 und d
082 ## - DEWEY DECIMAL CLASSIFICATION NUMBER
Classification number 618.92
Item number R06M
100 ## - MAIN ENTRY--PERSONAL NAME
Personal name MARWAH, DEEPAK
245 ## - TITLE STATEMENT
Title REVIEW OF PEDIARICS
250 ## - EDITION STATEMENT
Edition statement 1ST
260 ## - PUBLICATION, DISTRIBUTION, ETC. (IMPRINT)
Name of publisher, distributor, etc. PEEPEE
Place of publication, distribution, etc. DELHI
Date of publication, distribution, etc. 2006
650 ## - SUBJECT ADDED ENTRY--TOPICAL TERM
Topical term or geographic name as entry element PAEDIATRICS
942 ## - ADDED ENTRY ELEMENTS (KOHA)
Source of classification or shelving scheme Dewey Decimal Classification
Koha item type Books
Koha issues (borrowed), all copies 2
Holdings
Withdrawn status Lost status Source of classification or shelving scheme Damaged status Not for loan Collection code Home library Current library Shelving location Date acquired Source of acquisition Cost, normal purchase price SGTU Bill Number Total Checkouts Full call number Barcode Date last seen Date last checked out Bill Date Koha item type
    Dewey Decimal Classification     MEDICAL SGT Medical Library SGT Medical Library Text Book 26/02/2010 U.B.S. DELHI 160.00 SGTU 993 3 618.92 R06M FM2964 14/10/2024 24/09/2024 26/02/2010 Books
    Dewey Decimal Classification     MEDICAL SGT Medical Library SGT Medical Library Text Book 26/02/2010 U.B.S. DELHI 160.00 SGTU 993 2 618.92 R06M FM2965 06/12/2018 05/11/2018 26/02/2010 Books
    Dewey Decimal Classification     MEDICAL SGT Medical Library SGT Medical Library Text Book 26/02/2010 U.B.S. DELHI 160.00 SGTU 993   618.92 R06M FM2966 09/02/2015   26/02/2010 Books